[Event "Berlin Spandau op"]
[Site "Berlin"]
[Date "2017.12.27"]
[Round "2"]
[White "Kabitzke, Julian"]
[Black "Hansch, Torsten"]
[Result "0-1"]
[WhiteElo "1915"]
[BlackElo "2131"]
[PlyCount "93"]
[EventDate "2017.12.27"]
[EventType "swiss"]
[EventRounds "7"]
[EventCountry "GER"]
[SourceTitle "CBM 182 Extra"]
[Source "ChessBase"]
[SourceDate "2018.02.23"]
[SourceVersion "1"]
[SourceVersionDate "2018.02.23"]
[SourceQuality "1"]

1. e4 c5 2. Nf3 d6 3. d4 cxd4 4. Nxd4 Nf6 5. Nc3 a6 6. Bg5 e6 7. f4 Be7 8. Qf3 Qc7 9. 0-0-0 Nbd7 10. g4 b5 11. Bxf6 Nxf6 12. g5 Nd7 13. f5 Bxg5+ 14. Kb1 0-0 15. fxe6 Nb6 16. Bh3 Bxe6 17. Bxe6 fxe6 18. Nxe6 Rxf3 19. Nxc7 Rc8 20. Nxa6 Nc4 21. Nb4 Nxb2 22. Kxb2 Rfxc3 23. Rhg1 Bf6 24. Kb1 Kf7 25. Rxd6 R3c4 26. Nd5 Rxe4 27. Rd7+ Ke6 28. Nxf6 gxf6 29. Rxh7 Re2 30. Rc1 f5 31. Rb7 f4 32. Rb6+ Ke7 33. Rxb5 f3 34. c4 f2 35. Rb2 Rb8 36. Rxb8 Re1 37. Rb7+ Ke6 38. Rb2 Rxc1+ 39. Kxc1 f1Q+ 40. Kc2 Qxc4+ 41. Kd1 Qc3 42. Rc2 Qa1+ 43. Ke2 Kd5 44. Rd2+ Ke4 45. Kf2 Qh1 46. Ke2 Qf3+ 47. Ke1 0-1

[Event "Berlin Lichtenberger op 10th"]
[Site "Berlin"]
[Date "2011.08.21"]
[Round "9"]
[White "Rosebrock, Timotej Alexander"]
[Black "Kabitzke, Julian"]
[Result "1-0"]
[WhiteElo "1934"]
[BlackElo "1852"]
[PlyCount "53"]
[EventDate "2011.08.13"]
[EventType "swiss"]
[EventRounds "9"]
[EventCountry "GER"]
[SourceTitle "CBM 143 Extra"]
[Source "ChessBase"]
[SourceDate "2011.08.29"]
[SourceVersion "1"]
[SourceVersionDate "2011.08.29"]
[SourceQuality "1"]

1. e4 c5 2. Nc3 Nc6 3. f4 g6 4. Nf3 Bg7 5. g3 d6 6. Bg2 e6 7. d3 Nge7 8. 0-0 0-0 9. Be3 Nd4 10. e5 Nef5 11. Bf2 Nxf3+ 12. Qxf3 Nd4 13. Qd1 dxe5 14. fxe5 Bxe5 15. Ne4 Rb8 16. c3 Nf5 17. Bxc5 b6 18. Bxf8 Ne3 19. Qf3 Nxf1 20. Ba3 f5 21. Rxf1 fxe4 22. Qf7+ Kh8 23. Be7 Qg8 24. Bf6+ Bxf6 25. Qxf6+ Qg7 26. Qd8+ Qg8 27. Rf8 1-0

[Event "Berlin Lichtenberger op 10th"]
[Site "Berlin"]
[Date "2011.08.14"]
[Round "2"]
[White "Kabitzke, Julian"]
[Black "Pueschel, Werner"]
[Result "1-0"]
[WhiteElo "1852"]
[BlackElo "2163"]
[PlyCount "55"]
[EventDate "2011.08.13"]
[EventType "swiss"]
[EventRounds "9"]
[EventCountry "GER"]
[SourceTitle "CBM 143 Extra"]
[Source "ChessBase"]
[SourceDate "2011.08.29"]
[SourceVersion "1"]
[SourceVersionDate "2011.08.29"]
[SourceQuality "1"]

1. e4 g6 2. d4 Bg7 3. Nc3 d6 4. f4 e6 5. Nf3 Ne7 6. Bc4 c6 7. 0-0 b5 8. Bb3 0-0 9. Ne2 a5 10. c3 Na6 11. Be3 Bb7 12. Ng3 Qc7 13. f5 exf5 14. exf5 a4 15. Bc2 Nd5 16. Bd2 Rae8 17. Ng5 h6 18. fxg6 hxg5 19. Qh5 fxg6 20. Bxg6 Nf6 21. Rxf6 Rxf6 22. Bxe8 Rh6 23. Qxg5 Re6 24. Bg6 c5 25. Rf1 Re7 26. Nf5 Rd7 27. Nh6+ Kh8 28. Qh5 1-0

[Event "GER-ch U25 op"]
[Site "Willingen"]
[Date "2009.06.01"]
[Round "3"]
[White "Kabitzke, Julian"]
[Black "Laqua, Stefan"]
[Result "1-0"]
[WhiteElo "1823"]
[BlackElo "1744"]
[PlyCount "47"]
[EventDate "2009.05.30"]
[EventType "swiss"]
[EventRounds "9"]
[EventCountry "GER"]
[SourceTitle "EXT 2010"]
[Source "ChessBase"]
[SourceDate "2010.11.25"]
[SourceVersion "1"]
[SourceVersionDate "2010.11.25"]
[SourceQuality "1"]

1. d4 e6 2. Nf3 Nf6 3. Bg5 Be7 4. e3 d5 5. c4 Nbd7 6. Nc3 a6 7. cxd5 Nxd5 8. Bxe7 Qxe7 9. Rc1 N7f6 10. Bd3 c6 11. 0-0 0-0 12. a3 Re8 13. Bb1 Nb6 14. Qd3 Nbd7 15. Ne5 c5 16. Nxd7 Bxd7 17. dxc5 Rad8 18. Qc4 Nd5 19. Nxd5 exd5 20. Qc2 g6 21. Rfd1 Bf5 22. Qc3 Bg4 23. Rd4 Be2 24. Bd3 1-0

[Event "GER-ch U25 op"]
[Site "Willingen"]
[Date "2009.05.30"]
[Round "1"]
[White "Kabitzke, Julian"]
[Black "Wachinger, David"]
[Result "1-0"]
[WhiteElo "1823"]
[BlackElo "1386"]
[PlyCount "68"]
[EventDate "2009.05.30"]
[EventType "swiss"]
[EventRounds "9"]
[EventCountry "GER"]
[SourceTitle "EXT 2010"]
[Source "ChessBase"]
[SourceDate "2010.11.25"]
[SourceVersion "1"]
[SourceVersionDate "2010.11.25"]
[SourceQuality "1"]

1. e4 e5 2. Nf3 Nc6 3. Bb5 a6 4. Ba4 Nf6 5. 0-0 d6 6. d4 b5 7. Bb3 Bg4 8. c3 Be7 9. Be3 0-0 10. Nbd2 Na5 11. Bc2 c5 12. h3 Bxf3 13. Nxf3 Nc6 14. Qe2 Rc8 15. Rfd1 Qc7 16. dxc5 dxc5 17. Nh2 Rfd8 18. Nf1 Qb7 19. Bg5 Na5 20. Bxf6 Bxf6 21. Ne3 Bg5 22. Nf5 Nc6 23. Nd6 Rxd6 24. Rxd6 Qe7 25. Rad1 Rc7 26. Qg4 Bf6 27. Rd7 Rxd7 28. Qxd7 Qxd7 29. Rxd7 h6 30. Rd6 Na5 31. b3 Nb7 32. Rxa6 Bg5 33. Rb6 Nd8 34. Rxb5 Ne6 1-0

[Event "GER-ch U25"]
[Site "Willingen"]
[Date "2007.05.28"]
[Round "3"]
[White "Graebner, Laurent"]
[Black "Kabitzke, Julian"]
[Result "1/2-1/2"]
[WhiteElo "2037"]
[BlackElo "1611"]
[PlyCount "95"]
[EventDate "2007.05.26"]
[EventType "swiss"]
[EventRounds "9"]
[EventCountry "GER"]
[SourceTitle "CBM 118 Extra"]
[Source "ChessBase"]
[SourceDate "2007.07.04"]
[SourceVersion "1"]
[SourceVersionDate "2007.07.04"]
[SourceQuality "1"]

1. e4 c5 2. Nf3 d6 3. d4 cxd4 4. Nxd4 Nf6 5. Nc3 a6 6. Be3 e5 7. Nb3 Be6 8. f3 Nbd7 9. Qd2 Be7 10. 0-0-0 b5 11. Kb1 0-0 12. g4 b4 13. Na4 a5 14. g5 Nh5 15. Nc1 Nc5 16. Nxc5 dxc5 17. Qxd8 Rfxd8 18. Rxd8+ Rxd8 19. Nd3 Bc4 20. b3 Bb5 21. Nb2 Bxf1 22. Rxf1 Nf4 23. Nc4 Bxg5 24. Nxe5 Ne6 25. Bxg5 Nxg5 26. Nc6 Ra8 27. c3 g6 28. Kc2 Ra6 29. Ne7+ Kg7 30. Kd3 bxc3 31. Nd5 a4 32. Kxc3 axb3 33. Kxb3 Ne6 34. Rf2 Nd4+ 35. Kc4 Ra3 36. Kxc5 Nxf3 37. Kb4 Rd3 38. a4 Ne5 39. Kb5 f5 40. Nf4 Rb3+ 41. Ka6 fxe4 42. Ne6+ Kh6 43. Rf4 g5 44. Rxe4 Nd7 45. Ka7 Rb2 46. h4 gxh4 47. Rxh4+ Kg6 48. Nf4+ 1/2-1/2

[Event "GER-ch op U25"]
[Site "Willingen"]
[Date "2006.06.08"]
[Round "8"]
[White "Tiemann, Christoph"]
[Black "Kabitzke, Julian"]
[Result "1-0"]
[WhiteElo "1536"]
[BlackElo "1363"]
[PlyCount "95"]
[EventDate "2006.06.04"]
[EventType "swiss"]
[EventRounds "9"]
[EventCountry "GER"]
[SourceTitle "EXT 2007"]
[Source "ChessBase"]
[SourceDate "2006.11.23"]
[SourceVersion "1"]
[SourceVersionDate "2006.11.23"]
[SourceQuality "1"]

1. e4 e6 2. d4 d5 3. Nd2 Nf6 4. e5 Nfd7 5. f4 c5 6. c3 Nc6 7. Ndf3 cxd4 8. cxd4 Qb6 9. Ne2 f6 10. b3 fxe5 11. fxe5 Be7 12. g3 0-0 13. Bg2 h6 14. Qd3 Rf5 15. a3 Na5 16. b4 Nc4 17. Nf4 Nf8 18. Bh3 Rf7 19. 0-0 Bd7 20. Rf2 Bb5 21. Ng6 Nxe5 22. Nxe7+ Rxe7 23. Qd1 Nd3 24. Rd2 Nxc1 25. Rxc1 e5 26. Rc5 e4 27. Ne5 Rd8 28. Qb3 Bc6 29. Rdc2 Rd6 30. a4 Nd7 31. a5 Nxc5 32. dxc5 Qd8 33. cxd6 Rxe5 34. b5 Bd7 35. Bxd7 Qxd7 36. Rc7 Qxd6 37. Rxb7 Qc5+ 38. Kg2 Rf5 39. Qb2 Rf7 40. Rxf7 Kxf7 41. Qf2+ Qxf2+ 42. Kxf2 Ke6 43. b6 axb6 44. a6 d4 45. a7 d3 46. a8Q d2 47. Qxe4+ Kf7 48. Qf4+ 1-0

[Event "GER-ch op U25"]
[Site "Willingen"]
[Date "2006.06.04"]
[Round "3"]
[White "Kabitzke, Julian"]
[Black "Geshnizjani, Ramin Tobias"]
[Result "0-1"]
[WhiteElo "1363"]
[BlackElo "2035"]
[PlyCount "68"]
[EventDate "2006.06.04"]
[EventType "swiss"]
[EventRounds "9"]
[EventCountry "GER"]
[SourceTitle "EXT 2007"]
[Source "ChessBase"]
[SourceDate "2006.11.23"]
[SourceVersion "1"]
[SourceVersionDate "2006.11.23"]
[SourceQuality "1"]

1. Nf3 Nf6 2. g3 d5 3. Bg2 c5 4. 0-0 Nc6 5. d3 e5 6. c4 d4 7. e4 Bd6 8. Bd2 0-0 9. a3 Qe7 10. Nh4 Re8 11. f4 exf4 12. Bxf4 Bxf4 13. Rxf4 Ne5 14. h3 Ng6 15. Nxg6 hxg6 16. Rf1 Rb8 17. Nd2 b5 18. b3 bxc4 19. bxc4 Be6 20. Qc2 Qc7 21. Kh2 Nh5 22. Rf3 Rb6 23. Nf1 Reb8 24. Ra2 g5 25. Rf2 g4 26. hxg4 Bxg4 27. Bf3 Nxg3 28. Nxg3 Rh6+ 29. Kg2 Bh3+ 30. Kh2 Rg6 31. Bg2 Qxg3+ 32. Kg1 Bxg2 33. Rxg2 Qe1+ 34. Kh2 Rh6# 0-1

[Event "GER-ch op U25"]
[Site "Willingen"]
[Date "2006.06.04"]
[Round "2"]
[White "Kyas, Marcel"]
[Black "Kabitzke, Julian"]
[Result "1/2-1/2"]
[WhiteElo "1918"]
[BlackElo "1363"]
[PlyCount "123"]
[EventDate "2006.06.04"]
[EventType "swiss"]
[EventRounds "9"]
[EventCountry "GER"]
[SourceTitle "EXT 2007"]
[Source "ChessBase"]
[SourceDate "2006.11.23"]
[SourceVersion "1"]
[SourceVersionDate "2006.11.23"]
[SourceQuality "1"]

1. d4 e6 2. c4 d5 3. Nc3 Nf6 4. Bf4 Bd6 5. Bg3 0-0 6. e3 b6 7. Bd3 dxc4 8. Bxc4 Bb7 9. Nf3 Bxg3 10. hxg3 Nbd7 11. Qc2 c5 12. 0-0-0 Qe7 13. Rh2 Rfd8 14. g4 Nf8 15. Rdh1 Nxg4 16. Rxh7 Nh6 17. R7xh6 gxh6 18. Rxh6 Bxf3 19. gxf3 Qg5 20. Rh3 Ng6 21. Rg3 Qh6 22. Bxe6 Kg7 23. Rh3 Qg5 24. Bg4 cxd4 25. Rh5 Qf6 26. Ne4 Qe7 27. Ng3 Kg8 28. Nf5 Qb4 29. Rh1 d3 30. Qc3 d2+ 31. Kd1 Qxc3 32. bxc3 Rab8 33. Nd4 Rb7 34. Kxd2 Ne5 35. Rb1 Rd6 36. Kc2 Kf8 37. Rh1 Rg6 38. Nf5 Nxg4 39. Rh8+ Rg8 40. Rxg8+ Kxg8 41. fxg4 Kh7 42. c4 Kg6 43. f3 Rc7 44. Kb3 Rd7 45. Kc2 Rc7 46. Kb3 Rd7 47. Kb4 Rd1 48. Kb5 Rc1 49. Nd6 Rc3 50. Nc8 Rxe3 51. Nxa7 Ra3 52. Kxb6 Rxa2 53. Nc6 Ra3 54. Kc5 Kg5 55. Nd4 Kf4 56. Kb6 Rd3 57. Nf5 Kxf3 58. c5 f6 59. c6 Kxg4 60. Ne7 Rc3 61. Nd5 Rb3+ 62. Ka7 1/2-1/2